ბათუმის შოთა რუსთაველის სახელმწიფო უნივერსიტეტის ბიბლიოთეკა

საქართველოს დაცული ტერიტორიები / (ბიბ.ჩანაწერი № 35355)

000 -ლიდერი
ფიქსირებული სიგრძის საკონტროლო ველი 00949nam a2200217Ia 4500
001 - საკონტროლო ნომერი
საკონტროლო ველი 1208
003 - საკონტროლო ნომრის იდენტიფიკატორი
საკონტროლო ველი GE_BSU
005 - ბოლო ოპერაციის თარიღი და დრო
საკონტროლო ველი 20210312133943.0
008 - ფიქსირებული სიგრძის მონაცემთა ელემენტები - ზოგადი ინფორმაცია
ფიქსირებული სიგრძის საკონტროლო ველი 181216s2007||||ge |||||||||||||| ||geo||
020 ## - წიგნის საერთაშორისო სტანდარტული ნომერი
International Standard Book Number 9789992870716
040 ## - კატალოგიზაციის წყარო
Transcribing agency GE_BSU
041 ## - ენის კოდი
Language code of text/sound track or separate title geo
080 ## - უნივერსალური ათობითი კლასიფიკაციის ინდექსი
Universal Decimal Classification number 502(479.22)+7965(479.22) ს-32
245 ## - ცნობა სათაურის შესახებ
Title საქართველოს დაცული ტერიტორიები /
Statement of responsibility, etc რედ. არჩილ ქიქოძე. რამაზ გოხელაშვილი.
264 ## - წარმოების, გამოცემის, დისტრიბუციის და სხვა ცნობები
გამოცემის, წარმოების, დისტრიბუციის... ადგილი თბილისი,
გამოცემის, წარმოების, დისტრიბუციის... თარიღი 2007.
გამოცემის, წარმოების, დისტრიბუციის... სახელწოდება წიგნის სახელოსნო,
300 ## - ფიზიკური აღწერა
Extent 248 გვ.;
Other physical details ფოტ. ;
Dimensions 20 სმ.
653 ## - INDEX TERM--UNCONTROLLED
Uncontrolled term საქართველოს ნაკრძალები
700 ## - ADDED ENTRY--PERSONAL NAME
Personal name ქიქოძე, არჩილ
Relator term რედაქტორი
9 (RLIN) 10437
700 ## - ADDED ENTRY--PERSONAL NAME
Personal name გოხელაშვილი, რამაზ
Relator term რედაქტორი
9 (RLIN) 10438
942 ## - ADDED ENTRY ELEMENTS (KOHA)
Koha item type წიგნი
Source of classification or shelving scheme
ეგზემპლარები
ჩამოწერის სტატუსი დაკარგული ეგზემპლარის სტატუსი კლასიფიკაციის წყარო ან თაროზე გაწყობის სქემა დაზიანების სტატუსი არ გაიცემა მუდმივი მდებარეობა (დაცვის ადგილი) ამჟამინდელი ადგილსამყოფელი თაროზე განთავსების ადგილი შეძენის თარიღი ღირებულება, შესყიდვის ნორმალური ფასი სრული შენახვის შიფრი შტრიხკოდი ბოლო ოპერაციის თარიღი ეგზემპლარის მიმდევრობითი ნომერი (კეტერი?) ფასის ძალაში შესვლის თარიღი ეგზემპლარის სახეობა საჯარო შენიშვნა
          აგრარული და მემბრანული ტექნოლოგიების ინსტიტუტის ბიბლიოთეკა აგრარული და მემბრანული ტექნოლოგიების ინსტიტუტის ბიბლიოთეკა წიგნსაცავი 2018-12-17 10.00 502(479.22)+7965(479.22) 2745 2018-12-17 2745 2018-12-17 წიგნი 10 ლ.